00297nam a2200121Ia 4500008004100000100002200041245004000063260003100103300000700134650001000141942000700151999001700158190216s9999||||xx |||||||||||||| ||und|| aVagishkumar Singh 0aHindi- Lukati-Chhipati Main Phiroon bHindi Sahithya Sadanc2008 a80 aHindi cBK c16546d16546